000 00226nam a2200097Ia 4500
008 190216s9999||||xx |||||||||||||| ||und||
100 _aBalamani Amma
245 0 _aPrabhaskaram
260 _bOxford University Press
942 _cBK
999 _c24095
_d24095